Маркетинг рекламы: учебное пособие

Dettagli Bibliografici
Autore principale: Блюм М. А. Марина Анатольевна
Altri autori: Герасимов Б. И. Борис Иванович, Молоткова Н. В. Наталья Вячеславовна
Riassunto:Учебное пособие «Маркетинг рекламы» посвящено применению инструментов и технологий рекламы как метода стимулирования сбыта и продвижения. Раскрываются следующие тематические разделы: общая характеристика рекламы, ее значение, основные элементы комплекса маркетинга, использование современных средств реализации рекламных компаний. Пособие содержит лекционный материал, вопросы для контроля, текстовые задания, список литературы для самостоятельного изучения. Предназначено для преподавателей, студентов и специалистов, занимающихся вопросами маркетинга и рекламы.
Lingua:russo
Pubblicazione: Москва, Форум, 2009
Serie:Профессиональное образование
Soggetti:
Natura: MixedMaterials Libro
KOHA link:https://koha.lib.tpu.ru/cgi-bin/koha/opac-detail.pl?biblionumber=146868

MARC

LEADER 00000nam0a2200000 4500
001 146868
005 20231101221246.0
010 |a 9785911342647 
035 |a (RuTPU)RU\TPU\book\159200 
090 |a 146868 
100 |a 20081105d2009 m y0rusy50 ca 
101 0 |a rus 
102 |a RU 
105 |a a j 001zy 
200 1 |a Маркетинг рекламы  |e учебное пособие  |f М. А. Блюм, Б. И. Герасимов, Н. В. Молоткова 
210 |a Москва  |c Форум  |d 2009 
215 |a 144 с.  |c ил. 
225 1 |a Профессиональное образование 
320 |a Глоссарий: с. 134-139. 
320 |a Список литературы: с. 140-142. 
330 |a Учебное пособие «Маркетинг рекламы» посвящено применению инструментов и технологий рекламы как метода стимулирования сбыта и продвижения. Раскрываются следующие тематические разделы: общая характеристика рекламы, ее значение, основные элементы комплекса маркетинга, использование современных средств реализации рекламных компаний. Пособие содержит лекционный материал, вопросы для контроля, текстовые задания, список литературы для самостоятельного изучения. Предназначено для преподавателей, студентов и специалистов, занимающихся вопросами маркетинга и рекламы. 
606 1 |a Реклама  |2 stltpush  |3 (RuTPU)RU\TPU\subj\24860  |9 49135 
610 1 |a экономика 
610 1 |a реклама 
610 1 |a маркетинг 
610 1 |a теория 
610 1 |a история 
610 1 |a рекламная деятельность 
610 1 |a античность 
610 1 |a средние века 
610 1 |a США 
610 1 |a Россия 
610 1 |a пресса 
610 1 |a 18 век 
610 1 |a 19 век 
610 1 |a 20 век 
610 1 |a товары 
610 1 |a сбыт 
610 1 |a продвижение 
610 1 |a маркетинговые коммуникации 
610 1 |a учебные пособия 
610 1 |a ИМК 
610 1 |a интегрированные маркетинговые коммуникации 
610 1 |a классификация 
610 1 |a принципы 
675 |a 659(075.8)  |v 3 
686 |a У9(2)212.4я73  |v LBC/SL-A  |2 rubbk 
700 1 |a Блюм  |b М. А.  |g Марина Анатольевна 
701 1 |a Герасимов  |b Б. И.  |g Борис Иванович 
701 1 |a Молоткова  |b Н. В.  |g Наталья Вячеславовна 
801 1 |a RU  |b 63413507  |c 20081105  |g PSBO 
801 2 |a RU  |b 63413507  |c 20150623  |g PSBO 
900 |a Маркетинг 
900 |a Маркетинг в отраслях и сферах деятельности 
942 |c BK 
959 |a 104/20081105  |d 2  |e 94,40  |f АНЛ:1  |f ЧЗГЛ:1